000 01325cam a2200385 a 4500
001 120836
005 20230410105509.0
008 100608s2010 si a b 001 0 eng
035 _a16272595
925 0 _aacquire
_b2 shelf copies
_xpolicy default
942 _2lcc
_cbk
010 _a 2010279473
015 _aGBA999365
_2bnb
016 7 _a015391140
_2Uk
020 _a9780470825075 (pbk.)
020 _a0470825073 (pbk.)
035 _a(OCoLC)ocn435422499
040 _aUKM
_cUKM
_dBTCTA
_dYDXCP
_dBWKUK
_dBWK
_dBWX
_dTJC
_dCDX
_dDLC
042 _alccopycat
050 1 4 _aHC 427.95
_bC454c 2010
082 0 0 _a330.95106
100 1 _aChance, Giles.
245 1 0 _aChina and the credit crisis :
_bthe emergence of a new world order /
_cGiles Chance.
260 _aSingapore ;
_aHoboken, NJ ;
_aChichester, UK :
_bJohn Wiley & Sons (Asia),
_c2010.
300 _axvi, 224 p. :
_bill. ;
_c23 cm.
504 _aIncludes bibliographical references (p. 205-211) and index.
651 0 _aChina
_xEconomic conditions
_y2000-
651 0 _aChina
_xEconomic policy
_y2000-
650 0 _aGlobal Financial Crisis, 2008-2009.
650 0 _aInvestments, Chinese
_zDeveloping countries.
651 4 _aChina
_xCondiciones económicas
_y2000-
651 4 _aChina
_xPolítica económica
_y2000-
650 4 _a20150900
946 _aJaaM
999 _c37922
_d37922